000 00441nam a2200169Ia 4500
003 GCL
008 140319s9999 xx 000 0 eng d
040 _aGCL /
_cGCL
082 0 4 _a791.4309
_bL P
100 1 _aTHE LIBRARY OF CONGRES
245 1 0 _aPERFORMING ARTS ANNUAL 1989 /
_cTHE LIBRARY OF CONGRES
260 _a[S.N] :
_bTHE LIBRARY OF CONGRESS ،
_c1991
300 _a149 P
650 0 4 _aOPERA
650 0 4 _aARTS
942 _2ddc
_cBK
999 _c19303
_d19303